LEADER 01332nam a2200301 i 4500 001 000000139254 003 CaOOAMICUS 005 20240325144706.0 008 050519s1995 it u000 u ita u 020 $a88-18-93004-4 040 $aSeMil$bita 100 1 $aMasino, Paola,$d<1908-1989>.$0(OLS)http://semarc/name/56268 245 10$aIo, Massimo e gli altri :$bautobiografia di una figlia del secolo /$cPaola Masino ; introduzione e cura di Maria Vittoria Vittori. 264 1$aMilano :$bRusconi,$c1995. 300 $a186 p. ;$c21 cm. 490 1 $aMemorie del Novecento 541 0 $aFondo card. C.M. Martini (1D IV 117) 650 04$aMasino, Paola <1908-1989> - Autobiografia.$0(OLS)http://semarc/subject/55292 700 1 $aVittori, Maria Vittoria.$0(OLS)http://semarc/name/56269 830 0$aMemorie del Novecento.$0(OLS)http://semarc/title/18008 850 $aSeMil 852 $aSeMil$W1$xVenegono$y1$m1D IV 117$j92691$B92691$CSeMilBibl$Z2$F97897 $81 941 1 $a4 961 $aOmaggio: Martini Card. Carlo Maria 996 $6020$a88-18-93004-4$9(OLS)http://semarc/number/127259 996 $6245$aIo, Massimo e gli altri :$bautobiografia di una figlia del secolo$9(OLS)http://semarc/title/203529 996 $6264$aMilano :$bRusconi$9(OLS)http://semarc/publisher/30258 LEADER 01124nam a2200229 i 4500 001 000000072018 003 CaOOAMICUS 005 20090206000000.0 008 090206s1970 gw u000 u ger u 013 $a43190 040 $aSeMil$bita 100 1 $aDilthey, Wilhelm <1833-1911>.$0(OLS)http://semarc/name/3284 245 10$aEster Halbband (1768-1802) :$bAuf Grund des Textes der 1. Auflage von 1870 und der Zusätze aus dem Nachlass /$cWilhelm Dilthey ; herausgegeben von Martin Redeker. 250 $a3. Aufl. 260 $aBerlin :$bDe Gruyter,$c1970. 300 $aXLV, 567 p., [1] ritr. ;$c25 cm. 700 1 $aRedeker, Martin <1900-1970>.$0(OLS)http://semarc/name/11997 773 0 $aDilthey, Wilhelm <1833-1911>$tLeben Schleiermachers.$dBerlin : De Gruyter, [197.]$g1$w()20667 850 $aSeMil 852 $aSeMil$W1$xVenegono$y1$m2P V 260$j38171$B38171$CSeMilBibl$Z2$F38174 $81 996 $6245$aEster Halbband (1768-1802) :$bAuf Grund des Textes der 1. Auflage von 1870 und der Zusätze aus dem Nachlass$9(OLS)http://semarc/title/116004 996 $6260$aBerlin :$bDe Gruyter$9(OLS)http://semarc/publisher/29658